[Event "RUS-ch"]
[Site "Elista"]
[Date "1994.??.??"]
[Round "11"]
[White "Svidler, Peter"]
[Black "Sokolov, Andrei"]
[Result "1-0"]
[WhiteElo "2550"]
[BlackElo "2580"]
[Annotator "Svidler,P"]
[PlyCount "81"]
[EventDate "1994.09.??"]
[EventType "swiss"]
[EventRounds "11"]
[EventCountry "RUS"]
[SourceTitle "CBM 044"]
[Source "ChessBase"]
[SourceDate "1995.02.01"]
[SourceVersion "1"]
[SourceVersionDate "1995.02.01"]
[SourceQuality "1"]

1. e4 c5 2. Nf3 e6 3. Nc3 Nc6 4. d4 cxd4 5. Nxd4 d6 6. f4 Nf6 7. Be3 e5 8. Nf3
Ng4 9. Qd2 Nxe3 10. Qxe3 exf4 11. Qxf4 Be6 12. O-O-O Be7 13. Nd5 (13. e5 Nxe5
$1 14. Nxe5 $140 Bg5 $19) 13... O-O 14. Kb1 (14. Nxe7+ Qxe7 15. Qxd6 Qf6 16. e5
(16. Bd3 Rfd8 17. Qa3 a5 $44 {/\ Nb4}) 16... Qf4+ 17. Qd2 Qa4 18. a3 Rac8 $44)
14... Rc8 15. Be2 (15. Bc4 Nb4 $1 16. Bb3 $8 Bxd5 17. exd5 a5 $132) 15... Qa5 (
15... Bxd5 $5 16. Rxd5 (16. exd5 Ne5 $1 17. Nxe5 dxe5 $13 18. Qxe5 $140 Bf6 {
/\ Qb6 ><b2}) 16... Qc7 $14 (16... Nb4 17. Rb5 $1 Nxc2 $2 18. Rc1 $18)) 16. Bc4
$1 Rfe8 (16... Qc5 17. Nxe7+ $1 Nxe7 18. Bxe6 fxe6 19. Qxd6 $1 Qxc2+ 20. Ka1
Nc6 21. Qxe6+ Kh8 22. Ng5 h6 23. Nf7+ Kh7 24. Qf5+ Kg8 25. Nxh6+ Kh8 (25...
gxh6 26. Qg6+ Kh8 27. Rd7 Ne7 28. Qxh6+ $1 Kg8 29. Qg5+ Kh8 30. Rxe7 $18) 26.
Nf7+ Kg8 27. Qg4 $1 $16) 17. Bb3 (17. Nxe7+ $6 Rxe7 18. Bxe6 Rxe6 19. Rxd6 $2
Qc7 20. Rhd1 (20. e5 Nxe5 $1 21. Rxe6 $140 Qxc2+ 22. Ka1 Nd3 $1 $19) 20... Nd4
$3 21. Nxd4 (21. R6xd4 Qxf4 22. Rd8+ Re8 $19) 21... Rxd6 $19) 17... Qc5 {/\ Na5
} 18. Rd3 $1 b5 $8 (18... Na5 19. Rc3 $18) (18... Nb4 19. Rc3 $18) (18... Bf8
19. Ng5 Ne5 20. Rc3 Qa5 21. Rxc8 Rxc8 (21... Bxc8 22. Rf1 $18) 22. Nxe6 fxe6
23. Ne7+ $1 Bxe7 24. Bxe6+ Kh8 25. Bxc8 $18) 19. Rhd1 (19. Rc3 Qf2 $13) 19...
Na5 20. Nxe7+ (20. Rc3 Nc4 21. Bxc4 bxc4 22. Nxe7+ Rxe7 23. Rxd6 (23. Qxd6 $2
Rd7 $17) 23... Rb7 $44) 20... Rxe7 21. Rxd6 $1 Nxb3 22. Rd8+ Re8 23. Rxe8+ Rxe8
24. axb3 $16 h6 25. Rd4 Rc8 26. Qd2 Kh7 27. b4 $2 (27. h3 $1 $16 {/\ g4,e5,Rd6}
) 27... Qc7 28. b3 Ra8 $1 29. Rd6 $1 (29. e5 Bf5 $13) (29. Kb2 a5 30. Qc3 Qb6
$13 31. Qc5 $140 Qxc5 32. bxc5 Rc8 $10) 29... a5 30. bxa5 Rxa5 31. e5 Qa7 $6
$138 (31... Ra8 32. Nd4 Qa7 33. Qd3+ g6 34. Kc1 $16) (31... Bf5 32. Nd4 Be4 (
32... Qa7 33. Nxf5 Ra1+ 34. Kb2 Qa3+ 35. Kc3 Qc5+ 36. Kd3 Qxe5 37. Rxh6+ $1 Kg8
(37... gxh6 38. Qxh6+ Kg8 39. Qg5+ Kf8 (39... Kh7 40. Qh5+ Kg8 41. Nh6+ $18)
40. Qd8+ Qe8 41. Qd6+ Kg8 42. Qg3+ $18) 38. Rh5 Qd5+ 39. Ke3 Qe5+ 40. Kf2 $18)
(32... Bg6 33. Nc6 Ra6 34. Qd5 $16) 33. Qe3 Bg6 34. Nc6 Ra6 35. Qf3 f6 36. g4
$1 Be8 (36... fxe5 37. Rxg6 $1 $18) (36... Qb6 37. Nd4 $18) 37. Qd3+ Kh8 (37...
Bg6 38. Qxb5 $18) 38. Nb4 $16) 32. Qd4 (32. Qd3+ g6 33. Qd4 Qc7 {/\ Bf5}) 32...
Qa8 (32... Qc7 33. Qd3+ g6 34. Nd4 Qa7 35. Nxe6 $1 Qg1+ (35... Ra1+ 36. Kb2
Qa3+ 37. Kc3 Qa5+ 38. Kd4 Qa7+ 39. Ke4 Re1+ 40. Kf3 $18) 36. Qd1 Qxd1+ 37. Rxd1
fxe6 38. Rd6 $18) 33. Qd3+ $1 g6 34. Qd4 $16 {/\ Rd8,Nd2-e4-f6} Ra3 (34... Bf5
35. e6 $1 $18) 35. Rd8 Qa5 (35... Ra1+ 36. Qxa1 Qxd8 37. Qd4 $16) 36. Re8 $2 (
36. Rb8 $1 $16) 36... b4 $1 (36... Bxb3 37. e6 Bxc2+ 38. Kxc2 Ra2+ 39. Kb1 $18)
37. Nd2 Qa6 $2 $138 (37... Qd5 38. Qxb4 $18 {/\ Qf8} (38. Ne4 $5 Ra1+ $1 $8 39.
Qxa1 Qxe4 $16)) (37... Qb5 $1 38. Rd8 (38. Qd8 Qxe5 $19) 38... Qe2 39. Kb2 Qe1
40. Nb1 Ra5 41. Rb8 Qxe5 $132) 38. Nc4 $1 $18 Ra2 (38... Bxc4 39. e6 $18) 39.
Rb8 h5 (39... Bf5 40. e6 $18) 40. Rxb4 Bf5 41. Ne3 1-0

[Event "Bayern-chI Bank Hofmann 6th"]
[Site "Bad Wiessee"]
[Date "2002.10.31"]
[Round "6"]
[White "Jaracz, Pawel"]
[Black "Bromberger, Stefan"]
[Result "0-1"]
[WhiteElo "2545"]
[BlackElo "2414"]
[Annotator "Teske,H"]
[PlyCount "78"]
[EventDate "2002.10.26"]
[EventType "swiss"]
[EventRounds "9"]
[EventCountry "GER"]
[SourceTitle "EXT 2003"]
[Source "ChessBase"]
[SourceDate "2002.11.25"]
[SourceVersion "1"]
[SourceVersionDate "2002.11.25"]
[SourceQuality "1"]

1. e4 c5 2. Nc3 d6 3. f4 Nc6 4. Nf3 e6 (4... g6 5. Bc4 Bg7 6. O-O e6 7. f5 $40
{gefiel Schwarz nicht.}) 5. d4 {Nun geht Weiß doch zum offenen Sizilianer über.
} (5. Bc4 {kann Schwarz nun mit} Nge7 6. d3 Na5 7. Bb5+ Nec6 $13 {beantworten.}
) 5... cxd4 6. Nxd4 Nf6 7. Be3 Be7 8. Qf3 a6 {In der gegebenen Zugfolge ist
die Frage erlaubt, ob Schwarz den Zug a6 auch einsparen kann. Aber da der
Gegner zunächst die Najdorf-Variante umgehen wollte, ist es nicht unlogisch,
die Hauptvariante zu wählen.} 9. O-O-O Qc7 10. g4 Nxd4 11. Rxd4 b5 (11... e5 {
ist eine interesante Alternative.}) 12. g5 Nd7 13. h4 Bb7 14. Bh3 $6 d5 $1 {
Schulmäßig gespielt. Die beste Antwort auf einen Flügelangriff ist ein
Gegenschlag im Zentrum.} 15. exd5 b4 16. Ne4 Bxd5 17. f5 {Wenn man sieht, wie
es Weiß ergeht, muß man die gesamte Partieanlage in Frage stellen. Hier war
vielleicht die letze Möglichkeit, abzuweichen.} (17. Rhd1 $15) 17... Ne5 $1 18.
Qe2 {Noch die beste Fortsetzung, wie ein Blick auf die Alternativen zeigt:} (
18. Qf4 Nd3+ 19. Rxd3 Qxf4 20. Bxf4 Bxe4 $17) (18. Qg3 Bxe4 19. Rxe4 Nd3+ $19)
(18. Qd1 Rd8) 18... Nc6 19. Rxd5 exd5 20. Nf2 O-O 21. f6 {[#]} Rfe8 $1 {
Danach läuft für Schwarz alles wie am Schnürchen.} (21... gxf6 $2 {gäbe Weiß
starken Angriff auf die geschwächte schwarze Königsstellung.}) 22. fxe7 Qxe7
23. Ng4 (23. Re1 d4 24. Qc4 Ne5 25. Qxd4 Nf3 $19) 23... d4 24. Qg2 (24. Bg2
Rac8 25. Bxc6 Rxc6 26. Qg2 Qe4 $19) 24... dxe3 25. Nf6+ (25. Qxc6 e2 26. Re1
Rad8 27. Qh1 Qd6 $19) 25... Kh8 26. Nxe8 Rxe8 $1 27. Qxc6 e2 28. Re1 Qe3+ 29.
Kb1 Rd8 30. a3 (30. Qh1 Qxh3 $19) (30. Bg4 Qg3 $19) 30... Qd2 31. Rxe2 Qxe2 32.
axb4 Qe1+ 33. Ka2 Qxh4 34. Bf1 Qxb4 35. Bd3 Qa5+ 36. Kb1 Qe1+ 37. Ka2 Qe6+ 38.
Qxe6 fxe6 39. Kb3 Rxd3+ {Eine grandiose Leistung des Tegernseer
Bundesligaspielers.} 0-1

[Event "GER-ch 83rd"]
[Site "Osterburg"]
[Date "2012.03.06"]
[Round "5"]
[White "Feuerstack, Aljoscha"]
[Black "Wagner, Dennis"]
[Result "0-1"]
[WhiteElo "2438"]
[BlackElo "2379"]
[Annotator "Voekler,B"]
[PlyCount "160"]
[EventDate "2012.03.02"]
[EventType "swiss"]
[EventRounds "9"]
[EventCountry "GER"]
[SourceTitle "CBM 147 Extra"]
[Source "ChessBase"]
[SourceDate "2012.04.24"]
[SourceVersion "1"]
[SourceVersionDate "2012.04.24"]
[SourceQuality "1"]
[WhiteClock "0:05:20"]
[BlackClock "0:06:48"]

1. e4 c5 2. Nf3 e6 3. d4 cxd4 4. Nxd4 a6 5. Nc3 Qc7 6. Bd3 Nf6 7. f4 d6 8. Qf3
b5 9. g4 b4 10. Nce2 d5 11. e5 Ne4 (11... Nfd7 12. g5 Nc5 13. Be3 Nbd7 14. O-O
Be7 15. h4 Bb7 16. Qh3 O-O-O 17. a3 bxa3 18. b4 Ne4 19. Rxa3 Bxb4 20. Rxa6 Ndc5
21. Ra2 Bd2 22. Rb1 Kd7 23. Nb5 Qb6 24. Bxe4 Bxe3+ 25. Qxe3 dxe4 26. Rab2 Ba6
27. Nd6 Qa7 28. Nc3 Ra8 29. Qd4 Ke7 30. Nf5+ Ke8 31. Nb5 Bxb5 32. Nd6+ Ke7 33.
Rxb5 Nd7 34. Qxa7 Rxa7 35. Rb7 Rxb7 36. Rxb7 e3 37. Kf1 Ra8 38. Ke2 f6 39. Nc4
Rb8 40. exf6+ gxf6 41. gxf6+ Kd8 42. Rxb8+ {1-0 Sigurjonsson,G (2530)
-Beliavsky,A (2560)/Cienfuegos 1976/EXT 2000/[Sigurjonsson]}) 12. Ng3 Nc5 13.
Be3 Nbd7 14. O-O g6 {Dieser Zug passt nicht so richtig. Er ist gegen Sh5
gerichtet.} (14... Bb7) 15. h4 $5 {Möglich wäre nun auch ein Spiel am
Damenflügel für Weiß, da sich Schwarz irgendwann für seinen König
entscheiden muss.} (15. Qe2 Z0 16. Rfc1 Z0 17. c4 {falls Schwarz ihm soviel
Zeit lässt.}) 15... Be7 16. h5 Bb7 17. Rf2 g5 $1 {Diesen Zug hatte ich
vorausgesagt. Schwarz übernimmt die Initiative.} 18. Re1 O-O-O 19. Bd2 Rde8 {
vielleicht nicht der Beste?!} (19... Rdg8) (19... h6) (19... gxf4 20. Bxf4 Kb8)
20. Qe3 gxf4 21. Qxf4 (21. Rxf4 $2 Bg5 {kostet die Qualität} 22. Bxb4 $2 Nxe5
$1 23. Bxc5 (23. Qxe5 Qxe5 24. Rxe5 Bxf4 $19) 23... Nxd3 $19) 21... f6 $5 22.
exf6 Bd6 {alle Kibitze waren sich einig, dass die Partie gelaufen ist...weit
gefehlt.} (22... Bxf6 23. Qxc7+ Kxc7 24. Nf3 $15) 23. f7 Ref8 (23... Bxf4 24.
fxe8=Q+ Rxe8 25. Bxf4 e5 $17 {war die Alternative}) 24. Rxe6 (24. Nxe6 $3 {
hält tatsächlich remis; unglaublich} Nxe6 25. Rxe6 Bxf4 26. Bxf4 {die
Drohung Sf5,Sd6+,Sxb7+ mit Damengewinn lässt keinen Raum für schwarze
Gewinnversuche} Qc5 (26... Qa5 27. Nf5 Kd8 28. Rfe2 $14) 27. Nf5 Kd8 28. Bg5+
Kc7 29. Bf4+ Kd8 {Dauerschach}) 24... Nxe6 25. Nxe6 Bxf4 26. Bxf4 Qb6 27. Nxf8
Rxf8 (27... Nxf8 $4 28. Be5 $18) 28. Nf5 Nc5 29. Nd6+ Kd8 30. g5 {mit dem Mute
der Verzweiflung} Ne6 31. Nxb7+ Qxb7 32. g6 hxg6 33. hxg6 Nxf4 34. Rxf4 Qe7 35.
Rg4 Qe6 (35... Qe1+ 36. Bf1 (36. Kg2 Ke7 37. g7 Rxf7 $19) 36... Qe3+ 37. Kg2
Ke7 $19) 36. Rg3 Qe5 37. Kg2 Qg7 38. Bxa6 Ke7 39. Bd3 Rh8 40. Re3+ Kf6 41. Rf3+
Ke5 42. Re3+ Kd4 43. Re8 Qf6 44. Rxh8 Qxh8 {der Pulverdampf der
Zeitnotschlacht hat sich verzogen, aber klar ist die Sache noch nicht.} 45. Kf3
Qf6+ 46. Kg4 Ke5 47. Kg3 Qf4+ 48. Kg2 Kd4 49. a4 b3 50. a5 Ke3 51. a6 Qf3+ 52.
Kg1 Qg3+ 53. Kh1 Qh3+ 54. Kg1 Qg3+ 55. Kh1 Qf3+ 56. Kg1 bxc2 57. Bxc2 Qg3+ 58.
Kh1 Qh3+ 59. Kg1 Qg3+ 60. Kh1 Qf3+ 61. Kg1 d4 62. a7 Qg3+ 63. Kh1 Qh3+ 64. Kg1
Qg3+ 65. Kh1 Qf3+ 66. Kg1 d3 67. Bxd3 Qg3+ 68. Kh1 Qh3+ 69. Kg1 Qg3+ 70. Kh1
Qf3+ 71. Kg1 Kxd3 72. g7 {eine seltene Stellung, aber die Dame hat alles im
Griff...} Qg4+ 73. Kh2 Qh5+ 74. Kg3 Qg6+ 75. Kh4 Qh7+ 76. Kg5 Qxg7+ 77. Kh4
Qh8+ 78. Kg5 Ke4 79. b4 Qg7+ 80. Kh4 Kf4 0-1

[Event "Leeuwarden op"]
[Site "Leeuwarden"]
[Date "1997.??.??"]
[Round "8"]
[White "Yakovich, Yuri"]
[Black "Van der Werf, Mark"]
[Result "1-0"]
[WhiteElo "2610"]
[BlackElo "2410"]
[Annotator "Yakovich,Y"]
[PlyCount "55"]
[EventDate "1997.11.08"]
[EventType "swiss"]
[EventRounds "9"]
[EventCountry "NED"]
[SourceTitle "CBM 062"]
[Source "ChessBase"]
[SourceDate "1998.01.31"]
[SourceVersion "1"]
[SourceVersionDate "1998.01.31"]
[SourceQuality "1"]

1. e4 c5 2. Nf3 e6 3. d4 cxd4 4. Nxd4 Nc6 5. Nc3 d6 6. Be3 Nf6 7. f4 Bd7 8. Qf3
a6 9. O-O-O Qc7 10. Rg1 (10. g4 Nxd4 11. Rxd4 (11. Bxd4 e5 12. fxe5 dxe5 13.
Qg3 Bd6 $13 14. Be3 (14. Bg1 Bc6 15. Qf3 O-O 16. g5 Nd7 17. h4 Bc5 18. Bxc5
Nxc5 19. h5 Qe7 20. Qe3 Ne6 21. g6 Qg5 22. Qxg5 Nxg5 23. Bc4 Kh8 24. gxf7 Nxf7
25. Rhg1 h6 26. Bd5 Bxd5 27. Rxd5 b5 28. a3 Ng5 29. Rgd1 Rf2 30. Rxe5 Rh2 31.
a4 b4 32. Nd5 Rb8 33. Ne7 Rxh5 34. Ra5 Rh2 35. Rxa6 Nxe4 36. a5 b3 37. cxb3 Nc5
38. Rb6 Re8 39. Ng6+ Kh7 40. Rb5 {1/2-1/2 Antic,D-Miladinovic,I/Belgrade GMA
1988/TD 88\07}) (14. Bf2) 14... h6 (14... Bc6 15. Qf3 h6 16. g5 hxg5 17. Bxg5
O-O-O 18. Bc4 Be7 19. Qe2 Rxd1+ 20. Rxd1 Rd8 21. Bxf7 Rxd1+ 22. Qxd1 Nxe4 23.
Nxe4 Bxe4 24. Bxe7 Qxe7 25. Qg4+ Kb8 26. Qxe4 Qxf7 27. Qxe5+ Ka8 28. b3 Qd7 29.
Kb2 {1/2-1/2 Masserey,Y-Izsak,G/EUchJM U18 1993/EXT 93ch}) (14... O-O 15. g5
Nh5 16. Qh4 Nf4 17. Bxf4 exf4 18. Nd5 Qc5 19. Bd3 Be5 20. Rhg1 Kh8 21. Kb1 Be6
22. Rge1 Rfe8 23. c3 Bxd5 24. exd5 g6 25. Bc2 Bd6 26. Rd4 Qc7 27. Rd3 Rxe1+ 28.
Qxe1 Qe7 29. Qxe7 Bxe7 30. Rd4 Bd6 31. Re4 Kg7 32. Bd1 Kf8 33. Kc2 Re8 34. Kd3
Rxe4 {1/2-1/2 Wessels,M-Bachmann,K/NRW-II 1995/GER 10}) (14... Be6 15. Bb5+ Kf8
16. Qg1 Rc8 17. Bb6 Qe7 18. g5 Nh5 19. Bf1 g6 20. Nd5 Bxd5 21. exd5 Nf4 22. h4
Qd7 23. b3 Ba3+ 24. Kb1 Qf5 25. Bd3 Nxd3 26. Rxd3 Kg7 27. Qf1 Bd6 28. c4 Rhe8
29. Kc2 e4 30. Re3 Kg8 31. Bd4 Be5 32. Bxe5 Rxe5 33. Qxf5 gxf5 34. Rf1 Rxd5 35.
Kc3 Kg7 36. Kb4 a5+ 37. Kc3 b5 38. a4 b4+ 39. Kc2 {Kouwenhoven,M-Schmid,S/
WchJW-U20 1995/EXT 95ch/0-1 (65)}) 15. g5 Nh5 16. Qf2 Nf4 17. Rg1 Qc6 18. gxh6
gxh6 19. Nd5 O-O-O 20. Bxf4 exf4 21. Qa7 Be6 22. Rg7 Rhe8 23. Rd3 Bb8 24. Qd4
Bc7 25. Rc3 Bxd5 26. Rxc6 Bxc6 27. Qf2 Rxe4 28. Rxf7 Bb6 29. Bh3+ Kb8 30. Qf1
Rde8 31. Kd2 Rd4+ 32. Kc3 Re3+ {1-0 Schumi,M-Denk,A/AUT BL 1989/TD 90\04})
11... e5 $5 (11... d5 $5 12. exd5 (12. e5 Ne4 $13) 12... Nxd5 13. Rxd5 Bc6 14.
f5 exd5 15. Nxd5 Bxd5 16. Qxd5 Be7 17. Bd3 Rc8 18. g5 O-O 19. Rf1 Rfd8 20. Qf3
Bc5 21. Bxc5 Qxc5 22. g6 Qd5 23. Qxd5 Rxd5 24. Be4 Rd7 25. b3 b5 26. Rf3 Rd6
27. Rg3 Re8 28. Bd3 Re5 29. a3 hxg6 30. fxg6 Rh5 31. a4 fxg6 32. axb5 axb5 33.
Bxg6 Rxh2 34. Rg5 b4 35. Rg4 Rh1+ 36. Kb2 {Balashov,Y-Cebalo,M/Taxco izt 1985/
IZT/0-1 (97)}) (11... Bc6 12. g5 Nd7 $14) 12. Rc4 Bxg4 $13) 10... h5 $1 (10...
Rc8 11. g4 Nxd4 12. Bxd4 Bc6 13. g5 Nd7 14. f5 Ne5 15. Bxe5 dxe5 16. fxe6 fxe6
17. Bc4 Bxe4 18. Qxe4 Qxc4 19. Qxb7 Qc6 20. Qa7 Be7 21. h4 Rf8 22. Rgf1 Rf5 23.
Qe3 Bc5 24. Qe2 Rxf1 25. Rxf1 Bd4 26. Nd1 g6 27. c3 Qd6 28. Qf3 Qe7 29. Qe4 Qd6
30. Qb7 Kd8 31. Qxh7 e4 32. Qf7 {1-0 Kupreichik,V-Sauveur,P/Eupen op act 1994/
EXT 94op}) 11. h3 h4 12. Kb1 Be7 (12... b5 $2 13. e5) 13. Bd3 Rc8 14. Qf2 b5
15. Nf3 $1 {[%cal Rf3e5,Rf3h4] ><e5, ><h4} Nb4 $1 16. e5 (16. Nxh4 $2 Nxd3 17.
cxd3 b4) 16... Nfd5 17. Nxd5 Nxd5 18. Rgf1 $1 {[%cal Rf1f7]} b4 $2 (18... g6 $1
$13 {><f5}) (18... Nb4 19. Bd4 $16) (18... Nxe3 19. Qxe3 Bc6 20. f5 $16) 19.
Nd4 $16 {/\f5} dxe5 20. fxe5 Qxe5 $6 21. Qxf7+ Kd8 22. Nf5 $3 Rf8 (22... exf5
23. Bxf5 Rxc2 24. Bd4 $18) (22... Bf6 23. Bd4 $18) 23. Bb6+ $1 Nxb6 (23... Rc7
24. Qxg7 Qxg7 (24... Rxf5 25. Qg8+ Be8 26. Bxf5 $18) 25. Bxc7+ $18) 24. Qxe7+
Kc7 25. Rfe1 Qf6 26. Qc5+ Bc6 (26... Kb7 27. Nd6+ $18) 27. Nd4 Kb7 28. Rxe6 1-0

[Event "SWE-ch"]
[Site "Linkoping"]
[Date "2001.07.03"]
[Round "3"]
[White "Berg, Emanuel"]
[Black "Hillarp Persson, Tiger"]
[Result "1-0"]
[WhiteElo "2481"]
[BlackElo "2486"]
[Annotator "Ziegler,A"]
[PlyCount "133"]
[EventDate "2001.06.30"]
[EventType "tourn"]
[EventRounds "13"]
[EventCountry "SWE"]
[EventCategory "8"]
[SourceTitle "CBM 085"]
[Source "ChessBase"]
[SourceDate "2001.11.13"]
[SourceVersion "1"]
[SourceVersionDate "2001.11.13"]
[SourceQuality "1"]

1. e4 c5 2. Nf3 d6 3. d4 cxd4 4. Nxd4 Nf6 5. Nc3 a6 6. Be3 e6 7. f4 b5 8. Qf3
Bb7 9. Bd3 Nbd7 10. g4 h6 ({Polugajevskij brukade på sin tid spela:} 10... Nc5)
11. O-O-O Rc8 12. Rhe1 ({Det var säkrare att glida undan med:} 12. Nce2) 12...
Rxc3 13. bxc3 {[#] Det är så här Sicilianskt skall spelas!  Hur skall man
bedöma dylika kvalitetsoffer? Det finns två kriterier: 1) Kungen blir schack
och matt. Det vill säga, angrepp leder till forcerad vinst. Så är det sällan
på den här nivån, utan vanligare är kriterie nr: 2) Svart får kontroll i
centrum. Idealet är att svart vinner e4-bonden, och får förutom springare och
bonde för kvalitén dessutom en stabil utpost i centrum.} Qa5 ({Svart kunde
även valt centrumstrategin med:} 13... Nc5 14. Bd2 Qa8 {Med dynamisk jämvikt.})
14. Nb3 Qa4 $1 {Tiger angriper centrum på ett inspirerat sätt.} (14... Qxa2 15.
Kd2 {Hotar damvinst.} Qa4 16. Ra1 Nxe4+ 17. Bxe4 Qxe4 18. Qxe4 Bxe4 19. Rxa6 {
Är lite darrigt för svart, men det går nog.}) 15. Bf2 g5 ({Sicilianskt bygger
på aktion i centrum så därför tittar vi alltid på drag som:} 15... d5 16. e5
Ne4 17. Bxe4 dxe4 18. Qe3 Qxa2 19. Kd2 Qa4 20. Qa7 {Ger obehag för svart.}) 16.
Qe3 {Emanuel tittade på Tiger och blicken sa: OK, då kör vi.} ({Det var inget
tvång för vit att dramatisera. En profylaktiker hade bara gjort några goda
försvarsdrag och väntat på svart.} 16. Kb1) 16... Nxg4 17. Qa7 Nxf2 18. Qxb7 {
[#]} Qa3+ 19. Kb1 Nxd1 20. Rxd1 Bg7 ({Tiger sa efter partiet att han hade
varit tvungen att spela:} 20... gxf4 {Och spelarna trodde att det då med
största sannolikhet hade slutat remi. Men Tigers puls bankade, adrenalinet
flödade, han var tvungen att göra något extraordinärt.} 21. Nd4 Ne5 22. Qc8+
Ke7 23. Qc7+ Ke8 24. Qc8+) 21. e5 O-O 22. Qxd7 dxe5 23. fxe5 Bxe5 24. Qc6 {
[#]Emanuel behåller kylan trots den råa stämningen på plan. Vit hotar Dc5 med
dambyte.} Bg7 25. Rf1 {Vit hotar lite diskret att spela De4.} b4 (25... Rd8 26.
Qe4 Rd5 27. Qh7+ Kf8 28. Qg6 Qe7 29. Nd4 Rd6 {Var passivt, vilken i längden
hade varit förödande.}) 26. Qxa6 (26. Qe4 $1 Rb8 27. Qh7+ Kf8 28. Qg6 Rb7 29.
Qxe6 Bxc3 30. Qxh6+ Ke8 31. Re1+ Bxe1 32. Qh8+ Ke7 33. Qe5+ Kf8 34. Qxe1 {
Ger även det vit de bättre chanserna.}) 26... Qxa6 27. Bxa6 Bxc3 {[#] Ett
modernt slutspel har uppkommit. Jag har själv svårt att hantera den här typen
av slutspel och tappar poäng med båda färgerna. Vit eftersträvar stabilitet.
Helst skall svarts bönder fixeras på de svarta fälten, men det kommer han inte
att gå med på. Eftersom vit har en pjäs mer än svart skall han gärna spela mot
kungen.} 28. Nc5 Rd8 29. Bd3 Kg7 30. Kc1 Ra8 {Vit tvingas välja på om han vill
hålla bönderna under uppsikt eller aktivera kungen. Det var nog klokt att
välja det senare eftersom grundregeln är att kungen skall stå framför
motståndarens fribönder.} 31. Na6 f5 {Svart hade också problem att välja.
Bönderna vill ju gå fram, men de blir samtidigt mer sårbara.} 32. Kd1 Kf6 33.
Ke2 g4 34. Nc5 Bd4 (34... Rxa2 35. Nxe6) 35. Na6 Bc3 {Vit har varken flyttat
sin löpare eller sitt torn sedan det 25:e draget, men de står perfekt,
eftersom svart gärna skulle vilja rycka fram e-bonden till e4.} 36. Nc7 {[#]}
Rxa2 $2 {Svarts e-bonde är allt för värdefull.} (36... Ra5 {Var nödvändigt,
och därefter rycka fram med h-bonden.}) 37. Nxe6 Ra5 38. Nf4 Re5+ 39. Kd1 {
Nu har vit fått den stabilitet han önskade.} Kg5 40. Ne2 h5 41. Ng3 Rd5 42.
Rxf5+ Rxf5 43. Nxf5 {[#] Nu är resten teknik, men inte desto mindre visar
Emanuel en lysande sådan.} h4 44. Ke2 Be5 45. h3 gxh3 46. Kf3 h2 47. Kg2 h3+
48. Kh1 Bf4 49. Nd4 Bd6 50. Nf3+ Kf4 51. Nxh2 Kg3 52. Bf5 Bb8 53. Be6 Bc7 54.
Ng4 Bb8 55. Nf6 Kh4 56. Ne4 Ba7 57. Kh2 Bb8+ 58. Kg1 Ba7+ 59. Kf1 Bb6 60. Nf2
h2 61. Bd5 Kg3 62. Nd3 Ba5 63. Be4 Bd8 64. Nxb4 Kf4 65. Bc6 Ke3 66. Kg2 Kd4 67.
Nd5 {Ett av turneringens absoluta höjdpunkter. Schackpoesi på hög nivå!} 1-0